00692cam a22002411 4500001001300000003000400013005001700017008004100034010001700075025001900092035002000111040001800131042001200149050001900161100001900180245003000199260006100229300003800290490003800328651002500366830004200391999001700433sa 67004267 DLC20260227112345.0860305s1965 ii ab 000 0 eng  asa 67004267  aPL480:I-E-7000 a(OCoLC)13242057 aDLCcCLUdDLC apremarc00aDS486.K335bR61 aRoy, Sita Ram.10aKarian excavations, 1955. aPatna,bKashi Prasad Jayaswal Research Institute,c1965. a34 p.billus., fold. map.c25 cm.1 aHistorical research series,vv. 5 0aKarianxAntiquities. 0aHistorical researches series ;vv. 5. c74347d74347